00542nam a22002177a 4500003000500000005001700005008004100022010001000063011001000073035001000083040000900093082001400102100003000116245005900146260003400205300001100239490001600250650001400266700002800280830001600308CHAP20220329140407.0971013s1983 r 00010 d a51370 a52342 a56492 cCHAP a335.4bF400aFernández de Castro, I. aCrítica de la modernidadb: el pensamiento emergente aBarcelona :bFontamara,c1983 a215 p. aLogrosv; 914aMarxismo.0 aElejabeitia, Carmen de.0 aLogrosv; 9